Statistics for Eurasian Countries From English To Turkish

Click here to take the quiz!

General Stats

  • This quiz has been taken 205 times
  • The average score is 88 of 94

Answer Stats

EnglishTürkçe% Correct
GermanyAlmanya
99%
FinlandFinlandiya
99%
FranceFransa
99%
Spainİspanya
99%
NorwayNorveç
99%
PortugalPortekiz
99%
DenmarkDanimarka
98%
Swedenİsveç
98%
Italyİtalya
98%
KosovoKosova
98%
LuxembourgLüksemburg
98%
MaltaMalta
98%
San MarinoSan Marino
98%
SlovakiaSlovakya
98%
VaticanVatikan
98%
AustriaAvusturya
97%
BelgiumBelçika
97%
United Kingdom/UKBirleşik Krallık
97%
Bosnia and HerzegovinaBosna Hersek
97%
BulgariaBulgaristan
97%
Irelandİrlanda
97%
North MacedoniaKuzey Makedonya
97%
PolandPolonya
97%
RomaniaRomanya
97%
RussiaRusya
97%
SloveniaSlovenya
97%
TurkeyTürkiye
97%
UkraineUkrayna
97%
AfghanistanAfganistan
96%
AndorraAndorra
96%
AzerbaijanAzerbaycan
96%
BelarusBelarus
96%
IraqIrak
96%
Iranİran
96%
Israelİsrail
96%
Icelandİzlanda
96%
QatarKatar
96%
KuwaitKuveyt
96%
MoldovaMoldova
96%
MonacoMonako
96%
UzbekistanÖzbekistan
96%
PakistanPakistan
96%
SerbiaSırbistan
96%
SyriaSuriye
96%
TurkmenistanTürkmenistan
96%
YemenYemen
96%
GreeceYunanistan
96%
ChinaÇin
95%
EstoniaEstonya
95%
IndiaHindistan
95%
NetherlandsHollanda
95%
Switzerlandİsviçre
95%
JapanJaponya
95%
KazakhstanKazakistan
95%
MaldivesMaldivler
95%
NepalNepal
95%
TajikistanTacikistan
95%
ThailandTayland
95%
BangladeshBangladeş
94%
IndonesiaEndonezya
94%
South KoreaGüney Kore
94%
KyrgyzstanKırgızistan
94%
North KoreaKuzey Kore
94%
SingaporeSingapur
94%
Saudi ArabiaSuudi Arabistan
94%
TaiwanTayvan
94%
VietnamVietnam
94%
ArmeniaErmenistan
93%
CyprusKıbrıs
93%
LithuaniaLitvanya
93%
Sri LankaSri Lanka
93%
Czechia/Czech RepublicÇekya
92%
PhilippinesFilipinler
92%
PalestineFilistin
92%
LebanonLübnan
92%
BahrainBahreyn
91%
MalaysiaMalezya
91%
AlbaniaArnavutluk
90%
CroatiaHırvatistan
90%
GeorgiaGürcistan
88%
CambodiaKamboçya
88%
LaosLaos
88%
East TimorDoğu Timor
87%
OmanUmman
87%
BhutanButan
86%
HungaryMacaristan
86%
MyanmarMyanmar
85%
BruneiBrunei
83%
LatviaLetonya
83%
MongoliaMoğolistan
83%
JordanÜrdün
82%
MontenegroKaradağ
81%
LiechtensteinLihtenştayn
81%
UAEBAE
75%

Score Distribution

Percentile by Number Answered

Percent of People with Each Score

Your Score History

You have not taken this quiz